We Baptists / (Record no. 1451)

MARC details
000 -LEADER
fixed length control field 00890cam a2200253 a 4500
001 - CONTROL NUMBER
control field 206040
003 - CONTROL NUMBER IDENTIFIER
control field GBCCL
005 - DATE AND TIME OF LATEST TRANSACTION
control field 20241126110401.0
008 - FIXED-LENGTH DATA ELEMENTS--GENERAL INFORMATION
fixed length control field 990324s1999 tnu b 000 0 eng
010 ## -
-- 99070372
020 ## - INTERNATIONAL STANDARD BOOK NUMBER
International Standard Book Number 1577361431
040 ## - CATALOGING SOURCE
Original cataloging agency DLC
Transcribing agency DLC
Modifying agency DLC
050 00 -
-- BX6331.2
-- .B292 1999
082 00 - DEWEY DECIMAL CLASSIFICATION NUMBER
Classification number 286
Edition information 21
Item number BAP
110 2# - MAIN ENTRY--CORPORATE NAME
Corporate name or jurisdiction name as entry element Baptist World Alliance.
Subordinate unit Study and Research Division.
9 (RLIN) 1131
245 10 - TITLE STATEMENT
Title We Baptists /
Statement of responsibility, etc. Study and Research Division, Baptist World Alliance.
260 ## - PUBLICATION, DISTRIBUTION, ETC.
Place of publication, distribution, etc. Franklin, Tenn. :
Name of publisher, distributor, etc. Providence House Publishers,
Date of publication, distribution, etc. c1999.
300 ## - PHYSICAL DESCRIPTION
Extent viii, 88 p.
Dimensions 23 cm.
504 ## - BIBLIOGRAPHY, ETC. NOTE
Bibliography, etc. note Includes bibliographical references (p. 87-88).
650 #0 - SUBJECT ADDED ENTRY--TOPICAL TERM
Topical term or geographic name entry element Baptists.
9 (RLIN) 2887
906 ## - LOCAL DATA ELEMENT F, LDF (RLIN)
a 7
b cbc
c orignew
d 2
e opcn
f 19
g y-gencatlg
942 ## - ADDED ENTRY ELEMENTS (KOHA)
Source of classification or shelving scheme Dewey Decimal Classification
Koha item type Books
Koha issues (borrowed), all copies 3
Holdings
Withdrawn status Lost status Source of classification or shelving scheme Damaged status Not for loan Home library Current Library Shelving location Date acquired Total checkouts Total renewals Full call number Barcode Date last seen Date last checked out Copy number Price effective from Koha item type
    Dewey Decimal Classification     GRACE BIBLE COLLEGE GRACE BIBLE COLLEGE Church History 2017-05-01 2 2 286 BAP 006789 2026-01-15 2026-01-13 c.1 2017-05-01 Books
    Dewey Decimal Classification     GRACE BIBLE COLLEGE GRACE BIBLE COLLEGE Church History 2018-08-29 2 1 286 BAP 013594 2025-05-01 2020-03-19 c.2 2018-08-29 Books
© Grace Bible College Library 2025